000 01569naa a22003737a 4500
001 BR7604200
003 BR-BrBNA
005 20240918173925.0
007 ta
008 230509b bl.||||| |||| 00| 0 por d
040 _aBR-BrBNA
_bpor
_cBiblioteca Nacional de Agricultura
041 _a(Pt)
072 _aM00; M40; T00
_b8100
_bG514
_bGZ65
090 _aM00 BR7604200
100 1 _aFreitas, J.R.
111 1 _a1. Encontro Nacional sobre Limnologia, Piscicultura e Pesca Continental
_cBelo Horizonte, MG (Brazil)
_d15-19 Sep 1975
245 1 _aAspectos ecologicos e pesca no vale do Rio Doce. Perspectivas [Minas Gerais; Brasil]
260 3 _aBelo Horizonte, MG (Brasil):
_c1976.
500 _aVargas, J.I.; Loureiro, C.G.C.; Milward-de-Andrade, R. (eds.) Anais do 1. Encontro Nacional sobre Limnologia, Piscicultura e Pesca Continental Belo Horizonte, MG (Brasil): 1976. p. 461-470 (BR7604200-AM)M00
650 _aPOLUICAO
650 _aPEIXE
650 _aLAGOA
650 _aMIGRACAO ANIMAL
650 _aPISCICULTURA
650 _aACUDE
650 _aCONTROLE QUIMICO
650 _aECOLOGIA
650 _aMEIO AMBIENTE
650 _aRIO DOCE
650 _aMINAS GERAIS
773 0 _tAnais do 1. Encontro Nacional sobre Limnologia, Piscicultura e Pesca Continental
_aVargas, J.I.; Loureiro, C.G.C.; Milward-de-Andrade, R. (eds.). Fundacao Joao Pinheiro, Belo Horizonte, MG (Brasil). Centro de Recursos Naturais
_wM00 BR7604200
_gBelo Horizonte, MG (Brasil), 1976. p. 461-470
909 _a202404
_bLucia
_c55
_dLucia Elande
942 _cAM
_2AGRIS
999 _c307720
_d307720